Statistiken für Slowakei-Quiz

Klicken Sie hier um das Quiz zu spielen!

Allgemein

  • Dieses Quiz wurde 2.862 mal gespielt
  • Das Durchschnittsergebnis liegt bei 13 aus 20

Antwortstatistiken

FrageHauptstadt% Korrekt
NachbarlandTschechien
97%
NachbarlandUngarn
97%
HauptstadtBratislava
94%
NachbarlandPolen
93%
Fluss, an dem die Hauptstadt liegtDonau
92%
NachbarlandÖsterreich
91%
NachbarlandUkraine
87%
Währung der SlowakeiEuro
84%
Die Slowakei war Teil dieses Staats, 1918–1992Tschechoslowakei
84%
Ehemaliges Land, das 1968 eine Invasion des obigen Staats durchführteSowjetunion
78%
Kremnické Bane ist eines von vielen Dörfer, das behauptet der
geografische ________ Europas zu sein
Mittelpunkt
77%
Ethnie, die u.a. Slowaken, Serben und Russen umfasstSlawen
59%
Beliebteste SportartEishockey
49%
Gebirgskette, die ein Großteil der Slowakei bedecktKarpaten
44%
Ehemalige Währung der SlowakeiKrone
41%
Die Slowakei ist weltweit der größte ____-Hersteller pro Kopf
1,110,000 davon wurden alleine in 2019 hergestellt
Automobil
30%
Zweitgrößte StadtKošice
23%
Die Slowakei hat weltweit das größte Verhältnis von diesen Gebäuden pro KopfBurgen
18%
Slovakisch-geborene Tennispielerin, die 5 Grand-Slam-Titeln gewannMartina Hingis
14%
Gewaltlose Revolution, die 1989 das Ende des kommunistischen Regimes bedeutete{Samtene} Revolution
12%

Verteilung der Resultate

Perzentil nach korrekt beantworteten Fragen

Anzahl Personen mit jedem Resultat

Ihre Resultats-Entwicklung

Sie haben dieses Quiz noch nicht gespielt